000 00892nam a22002777a 4500
001 BR7305088
003 BR-BrBNA
005 20230928084101.0
007 ta
008 230509b bl.||||| |||| 00| 0 por d
040 _aBR-BrBNA
_bpor
_cBiblioteca Nacional de Agricultura
041 _a(Por)
072 _aL36
_b8957
_b/G514
090 _ 8957 BR7305088
100 1 _aCarneiro, O.M.
110 1 _aUniversidade Federal de Minas Gerais, Belo Horizonte (Brasil). Escola de Veterinaria
_0Tese (Mestre em Zootecnia)
245 1 _aQualidade das farinhas de peixe produzidas no estado do Rio de Janeiro [Brasil]
260 3 _aBelo Horizonte, MG (Brasil):
_c1975.
300 _a43 p.
500 _a25 tables; 20 ref.; Summary (Por)
650 _aComposicao de alimento
650 _aFarinha de peixe
650 _aRio de Janeiro
909 _a202309
_bLucia
_c55
_dLucia Elande
942 _cBK
999 _c16774
_d16774